| 000 | 00820nam a22002655i 4500 | ||
|---|---|---|---|
| 001 | 21546970 | ||
| 003 | OSt | ||
| 005 | 20250417104417.0 | ||
| 008 | 200529s2020 inu 000 0 eng | ||
| 010 | _a 2020939707 | ||
| 020 |
_a9781119660453 _q(paperback) |
||
| 040 |
_aDLC _beng _erda _cKCST |
||
| 042 | _apcc | ||
| 082 |
_a005.1 _bBu An |
||
| 100 | 1 |
_aBurd, Barry, _eauthor. _95683 |
|
| 245 | 1 | 0 |
_aAndroid application development All-In-One for dummies : _b6 books in one! / _cBarry Burd, John Paul Mueller. |
| 250 | _a3 | ||
| 260 |
_aIndianapolis : _bJohn Wiley and Sons, _c2020 |
||
| 300 | _a782 p. | ||
| 650 |
_aAndroid (Electronic resource) _9777 |
||
| 650 |
_aApplication software _vDevelopment. _94950 |
||
| 650 |
_aMobile computing. _95684 |
||
| 700 | 1 |
_aPaul Mueller, John, _eauthor. _95685 |
|
| 942 |
_2ddc _cBK |
||
| 999 |
_c809 _d809 |
||